|
|
|
|
| LEADER |
01052nam a2200205 a 4500 |
| 008 |
091006s1982 th a b i000 0 eng d |
| 040 |
|
|
|a DLC
|c DLC
|d DLC
|
| 082 |
0 |
0 |
|a 379/.24
|2 19
|
| 245 |
0 |
0 |
|a Planning, administration, and monitoring in literacy :
|b portfolio of literacy materials monograph series. Series 2.
|
| 260 |
|
|
|a Bangkok, Thailand :
|b Unesco Regional Office for Education in Asia and the Pacific,
|c 1982.
|
| 300 |
|
|
|a vi, 18 :
|b ill. ;
|c 27 cm.
|
| 362 |
0 |
|
|a Vol. 1
|
| 504 |
|
|
|a Includes bibliographical references.
|
| 505 |
0 |
|
|a 1. Planning of literacy programmes -- 2. Administration of literacy programmes -- 3. Monitoring of literacy programmes.
|
| 541 |
1 |
|
|e 00002357
|
| 650 |
|
0 |
|a Literacy
|z Asia.
|
| 710 |
2 |
|
|a Unesco.
|b Regional Office for Education in Asia and the Pacific.
|
| 852 |
4 |
|
|a Ayesha Abed Library
|j General shelf
|
| 999 |
|
|
|c 4263
|d 4263
|
| 952 |
|
|
|0 0
|1 0
|2 ddc
|4 0
|6 379_240000000000000_PLA_1982
|7 0
|9 3933
|a BRACUL
|b BRACUL
|c GEN
|d 2009-10-06
|g 0.00
|l 0
|o 379.24 PLA
|p 3010002357
|r 2009-10-06
|t 1
|w 2009-10-06
|y BK
|x No price found in the accession register.
|